Undescribed and endangered languages (Record no. 76261)
[ view plain ]
| 000 -LEADER | |
|---|---|
| fixed length control field | 01159nam a2200289 a 4500 |
| 245 00 - TITLE STATEMENT | |
| Title | Undescribed and endangered languages |
| 260 ## - PUBLICATION, DISTRIBUTION, ETC. (IMPRINT) | |
| Place of publication | Newcastle : |
| Name of publisher | Cambridge Scholars Press, |
| Year of publication | 2006. |
| 300 ## - PHYSICAL DESCRIPTION | |
| Number of Pages | 165 p. : |
| Other physical details | ill. |
| 650 #0 - SUBJECT ADDED ENTRY--TOPICAL TERM | |
| Topical Term | Language obsolescence. |
| 700 1# - ADDED ENTRY--PERSONAL NAME | |
| Personal name | Dominicis, Amedeo De. |
| 856 40 - ELECTRONIC LOCATION AND ACCESS | |
| Uniform Resource Identifier | http://site.ebrary.com/lib/rucke/Doc?id=10655244 |
No items available.
